| 000 | 00701nam a22002177a 4500 | ||
|---|---|---|---|
| 005 | 20191224042332.0 | ||
| 008 | 170818b2011 ck ||||| |||| 00| 0 spa d | ||
| 040 |
_aCO-BoIAVH _cCO-BoIAVH |
||
| 041 | _aspa | ||
| 044 | _ack | ||
| 082 |
_a333.7 _bU58p |
||
| 110 | _aUnión Europea | ||
| 245 | 1 | 0 | _aPrograma temático para el medio ambiente y el manejo sostenible de los recursos naturales, incluida la energá |
| 260 |
_aBogotá: _bUnión Europea, _c2011. |
||
| 300 |
_a60. páginas _bfotografías, ilustraciones _c23 x 16 |
||
| 650 | 1 | 4 | _aBiodiversidad |
| 650 | 1 | 4 | _aManejo sostenible |
| 650 | 1 | 4 | _aRecursos naturales |
| 650 | 1 | 4 | _aEnergia |
| 942 |
_2ddc _cLIBRO |
||
| 999 |
_c19758 _d19758 |
||